Reform of the Renewables Obligation & statutory consultation on the Renewables Obligation Order 2007 (Record no. 106338)

MARC details
000 -LEADER
fixed length control field 01716cab a2200229 4500
001 - CONTROL NUMBER
control field L136213
008 - FIXED-LENGTH DATA ELEMENTS--GENERAL INFORMATION
fixed length control field 070117n2007 000 0 eng u
035 ## - SYSTEM CONTROL NUMBER
System control number (Sirsi) u136213
041 0# - LANGUAGE CODE
Language code of text/sound track or separate title eng
050 04 - LIBRARY OF CONGRESS CALL NUMBER
Classification number 333.72 $2 18
110 1# - MAIN ENTRY--CORPORATE NAME
Corporate name or jurisdiction name as entry element United Kingdom
Subordinate unit Department of Trade and Industry
245 00 - TITLE STATEMENT
Title Reform of the Renewables Obligation & statutory consultation on the Renewables Obligation Order 2007
Medium [electronic resource]
260 ## - PUBLICATION, DISTRIBUTION, ETC.
Place of publication, distribution, etc. London
Name of publisher, distributor, etc. DTI
Date of publication, distribution, etc. 2007
520 ## - SUMMARY, ETC.
Summary, etc. Following the 2006 Energy Review the UK government announced a number of proposals for changes to the Renewables Obligation (RO). These changes would provide differentiated support levels to different renewables technologies and give additional certainty on long-term Renewable Obligation Certificate prices. These changes to the RO will require new primary legislation and so will not be introduced until towards the end of this decade at the earliest. The Government has now published a consultation document on these proposals. In addition to these longer term changes the consultation document contains proposals for a small number of more limited and detailed changes to the Renewables Obligation legislation that it is proposed to bring into force for 1 April 2007. A draft of the Renewables Obligation Order containing these proposed changes is included here.
590 ## - LOCAL NOTE (RLIN)
Local note KA
650 24 - SUBJECT ADDED ENTRY--TOPICAL TERM
Topical term or geographic name entry element RENEWABLES OBLIGATION
650 24 - SUBJECT ADDED ENTRY--TOPICAL TERM
Topical term or geographic name entry element DRAFT RENEWABLES OBLIGATION ORDER 2007
651 #4 - SUBJECT ADDED ENTRY--GEOGRAPHIC NAME
Geographic name England and Wales
Chronological subdivision 1543-
690 ## - LOCAL SUBJECT ADDED ENTRY--TOPICAL TERM (OCLC, RLIN)
Topical term or geographic name as entry element ENVIRONMENTAL AND LAND CONSULTANCY-ENERGY-RENEWABLE ENERGY
856 40 - ELECTRONIC LOCATION AND ACCESS
Uniform Resource Identifier <a href="https://www.dti.gov.uk/consultations/page34162.html">https://www.dti.gov.uk/consultations/page34162.html</a>
Public note View the consultation documents free of charge at www.dti.gov.uk...
942 ## - ADDED ENTRY ELEMENTS (KOHA)
Suppress in OPAC 0
Holdings
Withdrawn status Lost status Source of classification or shelving scheme Damaged status Not for loan Home library Current library Shelving location Date acquired Total Checkouts Full call number Barcode Date last seen Copy number Price effective from Koha item type
    Dewey Decimal Classification     Virtual Virtual Online 17/01/2007   ONLINE PUBLICATION 136213-1001 06/08/2019 1 06/08/2019 Journal article